[Event "DEM U10/U10w 2013"]
[Site "Oberhof GER"]
[Date "2013.05.19"]
[Round "1"]
[White "Keymer, Vincent"]
[Black "Bosselmann, Tom Linus"]
[Result "1-0"]
[Termination "normal"]
[Board "1"]
[WhiteElo "1861"]
[BlackElo "1180"]
[PlyCount "67"]
[WhiteFideId "12940690"]
[BlackFideId "12983845"]
[EventCountry "GER"]
[EventRounds "11"]
[EventType "swiss"]
[EventDate "2013.05.18"]

1. d4 d5 2. c4 c6 3. Nc3 Nf6 4. Nf3 e6 5. Bf4 dxc4 6. a4 Bb4 7. Qc2 Nd5 8. Bxb8
Rxb8 9. e4 Nc7 10. Bxc4 b5 11. axb5 cxb5 12. Bd3 a6 13. O-O Bb7 14. Rfd1 Qe7
15. Rac1 Rc8 16. Qe2 O-O 17. Rc2 Rfd8 18. e5 Bd5 19. Nxd5 Nxd5 20. Rdc1 Rxc2
21. Qxc2 g6 22. Qc6 Qa7 23. Ra1 Ra8 24. Bxb5 a5 25. Rc1 Rb8 26. Bf1 Be7 27. Bc4
Rxb2 28. Bxd5 exd5 29. h3 a4 30. Qc8+ Kg7 31. Rc7 Rb1+ 32. Kh2 Qa5 33. Rxe7 a3
34. Qe6 1-0

[Event "DEM U10/U10w 2013"]
[Site "Oberhof GER"]
[Date "2013.05.19"]
[Round "1"]
[White "Hinrichs, Paul"]
[Black "Tong, Kevin"]
[Result "0-1"]
[Termination "normal"]
[Board "2"]
[WhiteElo "1177"]
[BlackElo "1637"]
[PlyCount "86"]
[WhiteFideId "12942545"]
[BlackFideId "12913944"]
[EventCountry "GER"]
[EventRounds "11"]
[EventType "swiss"]
[EventDate "2013.05.18"]

1. d4 Nf6 2. c4 c5 3. d5 b5 4. b3 g6 5. Bb2 Bg7 6. e4 d6 7. Nd2 bxc4 8. bxc4
O-O 9. Bd3 Qa5 10. Ne2 Nbd7 11. Bc3 Qc7 12. O-O Ng4 13. Bxg7 Kxg7 14. Nc1 Nge5
15. Be2 Nf6 16. Ncb3 Rb8 17. h3 a5 18. f4 Ned7 19. g4 e6 20. g5 Ng8 21. h4 Ne7
22. Qc2 Kg8 23. Bg4 exd5 24. exd5 f5 25. gxf6 Nxf6 26. Be6+ Bxe6 27. dxe6 Nf5
28. h5 Ne3 29. Qd3 Nxf1 30. Rxf1 Nxh5 31. f5 gxf5 32. Qd5 Kh8 33. Qf3 Ng3 34.
Rf2 Rg8 35. Kh2 Qg7 36. Rg2 Qh6+ 37. Kg1 Qh1+ 38. Kf2 Ne4+ 39. Nxe4 Rxg2+ 40.
Qxg2 Qxg2+ 41. Kxg2 fxe4 42. Kf2 Re8 43. Nxa5 Rxe6 0-1

[Event "DEM U10/U10w 2013"]
[Site "Oberhof GER"]
[Date "2013.05.19"]
[Round "1"]
[White "Kopylov, Daniel"]
[Black "Schmidtmann, Samantha"]
[Result "1-0"]
[Termination "normal"]
[Board "3"]
[WhiteElo "1628"]
[BlackElo "1171"]
[PlyCount "55"]
[WhiteFideId "12921971"]
[BlackFideId "12956759"]
[EventCountry "GER"]
[EventRounds "11"]
[EventType "swiss"]
[EventDate "2013.05.18"]

1. e4 c5 2. Nf3 d6 3. d4 cxd4 4. Nxd4 Nf6 5. Nc3 a6 6. Be2 e6 7. O-O Be7 8. f4
O-O 9. Be3 b5 10. a3 Bb7 11. Bd3 Nbd7 12. b4 Qc7 13. Qe1 Rac8 14. Bd2 e5 15.
Nf5 Nb6 16. Qg3 g6 17. Nxe7+ Qxe7 18. fxe5 Qxe5 19. Qxe5 dxe5 20. Rxf6 Nd7 21.
Rff1 Kg7 22. a4 bxa4 23. Rxa4 Nb6 24. Ra2 Nc4 25. Nb1 Nxd2 26. Nxd2 Rfd8 27.
Nb3 Kf8 28. Nc5 1-0

[Event "DEM U10/U10w 2013"]
[Site "Oberhof GER"]
[Date "2013.05.19"]
[Round "1"]
[White "Breitzmann, Sander"]
[Black "Svane, Frederik"]
[Result "0-1"]
[Termination "normal"]
[Board "4"]
[WhiteElo "1168"]
[BlackElo "1715"]
[PlyCount "84"]
[WhiteFideId "12987085"]
[BlackFideId "12923044"]
[EventCountry "GER"]
[EventRounds "11"]
[EventType "swiss"]
[EventDate "2013.05.18"]

1. e4 c5 2. Nf3 Nc6 3. d4 cxd4 4. Nxd4 Nf6 5. Nc3 e5 6. Ndb5 d6 7. Nd5 Nxd5 8.
exd5 Ne7 9. c4 f5 10. Bd3 a6 11. Qa4 Kf7 12. O-O Ng6 13. Qa3 e4 14. Be2 Qf6 15.
Be3 Bd7 16. Nc3 Re8 17. Rad1 f4 18. Bd4 Qg5 19. f3 Bh3 20. Kf2 Qxg2+ 21. Ke1
exf3 22. Rxf3 Qxf3 23. Kd2 Qg2 24. Bg1 f3 25. Re1 fxe2 26. Nxe2 Bg4 27. Qg3
Rxe2+ 28. Rxe2 Qxe2+ 29. Kc3 Qf3+ 30. Qxf3+ Bxf3 31. b4 Be7 32. Kd4 Bf6+ 33.
Kd3 Re8 34. c5 dxc5 35. bxc5 Bxd5 36. a4 Nf4+ 37. Kc2 Bc4 38. a5 Re2+ 39. Kd1
Bc3 40. c6 Rd2+ 41. Kc1 Ne2+ 42. Kb1 Bd3# 0-1

[Event "DEM U10/U10w 2013"]
[Site "Oberhof GER"]
[Date "2013.05.19"]
[Round "1"]
[White "Yankelevich, Michael"]
[Black "Klemke, Kassandra"]
[Result "1-0"]
[Termination "normal"]
[Board "5"]
[WhiteElo "1644"]
[BlackElo "1163"]
[PlyCount "77"]
[WhiteFideId "12921440"]
[BlackFideId "16217128"]
[EventCountry "GER"]
[EventRounds "11"]
[EventType "swiss"]
[EventDate "2013.05.18"]

1. e4 e6 2. d4 d5 3. e5 c5 4. c3 c4 5. Nf3 Nc6 6. Be2 Qb6 7. O-O Bd7 8. Qc2 Be7
9. Be3 Nh6 10. Nbd2 Nf5 11. Bf4 h6 12. Rab1 Qa6 13. b3 b5 14. bxc4 bxc4 15. Qb2
Ba3 16. Qc2 O-O 17. Rfe1 Rab8 18. Rxb8 Rxb8 19. Rb1 Re8 20. Nf1 Nce7 21. Bd1
Bc6 22. Bd2 Ba4 23. Qxa4 Qxa4 24. Bxa4 Rc8 25. g4 Nxd4 26. Nxd4 Kh8 27. f4 f6
28. exf6 gxf6 29. Bd7 Rg8 30. Bxe6 Rg7 31. h3 h5 32. Nf5 Rg6 33. Nxe7 Bxe7 34.
Rb8+ Kh7 35. Bf5 Bc5+ 36. Be3 Bd6 37. Rb7+ Kh6 38. Bxg6 Kxg6 39. f5# 1-0

[Event "DEM U10/U10w 2013"]
[Site "Oberhof GER"]
[Date "2013.05.19"]
[Round "1"]
[White "Schumacher, Simon"]
[Black "Dobrikov, Marco"]
[Result "0-1"]
[Termination "normal"]
[Board "6"]
[WhiteElo "1156"]
[BlackElo "1528"]
[PlyCount "64"]
[BlackFideId "12950378"]
[EventCountry "GER"]
[EventRounds "11"]
[EventType "swiss"]
[EventDate "2013.05.18"]

1. e4 e5 2. Nf3 d6 3. d4 exd4 4. Nxd4 Nf6 5. Nc3 Be7 6. Bc4 O-O 7. O-O Nc6 8.
Re1 Ne5 9. Bb3 a6 10. Bf4 Ng6 11. Bg3 Re8 12. a3 Bf8 13. Qd3 Nd7 14. Bxf7+ Kxf7
15. Qc4+ Kf6 16. Nd5+ Kg5 17. Nxc7 Nb6 18. Nce6+ Bxe6 19. Nxe6+ Kh6 20. Nxd8
Nxc4 21. Nxb7 Rab8 22. b3 Rxb7 23. bxc4 Rb2 24. Re2 Reb8 25. f3 Rc8 26. Bf2 Ne5
27. c5 dxc5 28. Be3+ Kg6 29. Bc1 Rb5 30. a4 Rb4 31. Re3 c4 32. c3 Rb3 0-1

[Event "DEM U10/U10w 2013"]
[Site "Oberhof GER"]
[Date "2013.05.19"]
[Round "1"]
[White "Suvorov, Luca"]
[Black "Schnabel, Luise"]
[Result "1-0"]
[Termination "normal"]
[Board "7"]
[WhiteElo "1551"]
[BlackElo "1417"]
[PlyCount "71"]
[WhiteFideId "12977071"]
[BlackFideId "12943347"]
[EventCountry "GER"]
[EventRounds "11"]
[EventType "swiss"]
[EventDate "2013.05.18"]

1. d4 d5 2. Nf3 Nf6 3. c4 e6 4. cxd5 exd5 5. Nc3 Nc6 6. Bg5 Be7 7. e3 Bg4 8.
Be2 h6 9. Bxf6 Bxf6 10. O-O O-O 11. Qb3 Be6 12. Qxb7 Ne7 13. Qb3 Rb8 14. Qc2 c6
15. Bd3 Qd6 16. Na4 Bg4 17. Qe2 Nc8 18. b3 Bd8 19. Nc5 Bc7 20. Rfc1 Bxf3 21.
Qxf3 Qxh2+ 22. Kf1 Nb6 23. Ke2 Qd6 24. Qf5 g6 25. Qh3 h5 26. Rh1 Rbc8 27. g4
Qf6 28. gxh5 Kg7 29. hxg6 Rh8 30. Qg4 Rxh1 31. gxf7+ Kxf7 32. Rxh1 Rg8 33. Rh7+
Kf8 34. Ne6+ Qxe6 35. Qxe6 Bd8 36. Rf7# 1-0

[Event "DEM U10/U10w 2013"]
[Site "Oberhof GER"]
[Date "2013.05.19"]
[Round "1"]
[White "Buchloh, Adrian"]
[Black "Graf, Justus Felix"]
[Result "0-1"]
[Termination "normal"]
[Board "8"]
[WhiteElo "1141"]
[BlackElo "1489"]
[PlyCount "40"]
[WhiteFideId "12960675"]
[BlackFideId "12929212"]
[EventCountry "GER"]
[EventRounds "11"]
[EventType "swiss"]
[EventDate "2013.05.18"]

1. e4 c5 2. Bc4 e6 3. Nc3 Nc6 4. d3 g6 5. f4 Bg7 6. Nf3 Nge7 7. O-O O-O 8. Nh4
d5 9. Bb5 Nd4 10. Ba4 a6 11. a3 b5 12. Bb3 Nxb3 13. cxb3 Nc6 14. f5 d4 15. Ne2
Qxh4 16. fxg6 hxg6 17. Rf4 Qe7 18. Rf3 e5 19. Rg3 Be6 20. Qc2 Na5 0-1

[Event "DEM U10/U10w 2013"]
[Site "Oberhof GER"]
[Date "2013.05.19"]
[Round "1"]
[White "Niemann, Alexander"]
[Black "Wurst, Benedikt"]
[Result "1-0"]
[Termination "normal"]
[Board "9"]
[WhiteElo "1645"]
[BlackElo "1139"]
[PlyCount "125"]
[WhiteFideId "12939862"]
[BlackFideId "12991791"]
[EventCountry "GER"]
[EventRounds "11"]
[EventType "swiss"]
[EventDate "2013.05.18"]

1. e4 e5 2. Nf3 Nc6 3. Bc4 Bc5 4. O-O Nf6 5. d4 Bxd4 6. Nxd4 Nxd4 7. f4 d6 8.
fxe5 dxe5 9. Bg5 Bg4 10. Qxg4 Nxg4 11. Bxf7+ Kd7 12. Bxd8 Raxd8 13. Na3 Ne3 14.
Rf2 Ng4 15. Rd2 Ke7 16. Bh5 Nf6 17. Be2 Nxe4 18. Bd3 Nxd2 19. Rd1 e4 20. Rxd2
exd3 21. cxd3 b5 22. Nb1 c5 23. Nc3 c4 24. Kf2 b4 25. Ne4 cxd3 26. Rxd3 Rhf8+
27. Ke3 Nf5+ 28. Ke2 Rxd3 29. Kxd3 a5 30. b3 Nd6 31. Ng5 h6 32. Nf3 Ke6 33. Kd4
Rc8 34. Ke3 Rc2 35. Nd4+ Ke5 36. Nxc2 Nb5 37. Ne1 g5 38. g3 Nc3 39. Nd3+ Kd5
40. Nc1 Nd1+ 41. Kd3 Nf2+ 42. Kd2 Ng4 43. h3 Nf2 44. Ne2 Nxh3 45. Ke3 g4 46.
Nd4 Ng5 47. Nf5 Nf7 48. Ne7+ Kd6 49. Nf5+ Ke5 50. Nd4 Nd8 51. Kd3 Kd5 52. Nc2
Nf7 53. Ne3+ Kc5 54. Nxg4 Kd5 55. Ne3+ Kc5 56. g4 Ng5 57. Nf5 Nf7 58. Ke4 Kb5
59. Kd5 Ng5 60. Nxh6 a4 61. Nf5 axb3 62. axb3 Nf3 63. Nd4+ 1-0

[Event "DEM U10/U10w 2013"]
[Site "Oberhof GER"]
[Date "2013.05.19"]
[Round "1"]
[White "Guckes, Simon"]
[Black "Heckmann, Till"]
[Result "0-1"]
[Termination "normal"]
[Board "10"]
[WhiteElo "1122"]
[BlackElo "1517"]
[PlyCount "84"]
[WhiteFideId "12944955"]
[BlackFideId "12987093"]
[EventCountry "GER"]
[EventRounds "11"]
[EventType "swiss"]
[EventDate "2013.05.18"]

1. Nf3 d5 2. d3 Nf6 3. g3 e6 4. Bg2 Be7 5. O-O O-O 6. Nbd2 c5 7. c3 Nc6 8. Re1
b6 9. Qc2 Bb7 10. e4 Rc8 11. a3 Qd7 12. Rb1 d4 13. Nc4 b5 14. Nce5 Nxe5 15.
Nxe5 Qd6 16. Nf3 e5 17. Bg5 h6 18. Bd2 Nd7 19. Qb3 Ba6 20. c4 Rb8 21. cxb5 Bxb5
22. Qc2 Qa6 23. Bf1 Rfc8 24. Ra1 c4 25. a4 Qf6 26. axb5 Qxf3 27. dxc4 Bc5 28.
Bg2 Qf6 29. b4 d3 30. Qxd3 Bxf2+ 31. Kh1 Bxe1 32. Rxe1 Rd8 33. Qe3 Nb6 34. c5
Nc4 35. Qc3 Nxd2 36. c6 Rbc8 37. c7 Rd7 38. Bh3 Rcxc7 39. Qe3 Rd4 40. Qe2 Qf3+
41. Bg2 Qxe2 42. Rxe2 Rc1+ 0-1

[Event "DEM U10/U10w 2013"]
[Site "Oberhof GER"]
[Date "2013.05.19"]
[Round "1"]
[White "Gheng, Dominik"]
[Black "Basovskiy, Jana"]
[Result "1-0"]
[Termination "normal"]
[Board "11"]
[WhiteElo "1635"]
[BlackElo "1109"]
[PlyCount "45"]
[WhiteFideId "12906778"]
[BlackFideId "16208617"]
[EventCountry "GER"]
[EventRounds "11"]
[EventType "swiss"]
[EventDate "2013.05.18"]

1. e4 e5 2. Nf3 d6 3. d4 Nd7 4. Bc4 c6 5. Ng5 Nh6 6. Nf3 a5 7. a4 Qc7 8. Bxh6
gxh6 9. Nc3 Bg7 10. d5 cxd5 11. Nb5 Qc5 12. Bxd5 Nb6 13. O-O Nxa4 14. Nxd6+
Qxd6 15. Bxf7+ Kxf7 16. Qxd6 Nxb2 17. Nxe5+ Bxe5 18. Qxe5 Re8 19. Qxb2 Rxe4 20.
Qb3+ Be6 21. Qxb7+ Kf6 22. Qxe4 h5 23. Qxa8 1-0

[Event "DEM U10/U10w 2013"]
[Site "Oberhof GER"]
[Date "2013.05.19"]
[Round "1"]
[White "Kublanov, Elizabeth"]
[Black "Wagner, Benjamin"]
[Result "1/2-1/2"]
[Termination "normal"]
[Board "12"]
[WhiteElo "1103"]
[BlackElo "1468"]
[PlyCount "106"]
[WhiteFideId "12944564"]
[BlackFideId "12957330"]
[EventCountry "GER"]
[EventRounds "11"]
[EventType "swiss"]
[EventDate "2013.05.18"]

1. c4 Nf6 2. Nc3 g6 3. g3 Bg7 4. Bg2 O-O 5. d4 d6 6. Bf4 Ne8 7. Nf3 Nc6 8. O-O
Bd7 9. d5 Na5 10. Nd2 c5 11. dxc6 bxc6 12. Qc2 Rb8 13. c5 e5 14. Be3 d5 15. Nb3
d4 16. Bxd4 exd4 17. Ne4 f5 18. Nd6 Nxd6 19. cxd6 Nxb3 20. axb3 Qb6 21. Qc4+
Kh8 22. Ra6 Qxb3 23. Qxb3 Rxb3 24. Rxa7 Rd8 25. Rc1 Rb6 26. b4 Be5 27. b5 Bxd6
28. bxc6 Bc8 29. Bd5 Ra6 30. c7 Rf8 31. Rxa6 Bxa6 32. Rc6 Bxc7 33. Rxa6 Re8 34.
Ra4 Rxe2 35. Rxd4 Bb6 36. Rb4 Bxf2+ 37. Kf1 Rd2 38. Rb8+ Kg7 39. Rb7+ Kf6 40.
Bc4 Bc5 41. Rxh7 Be7 42. Rf7+ Ke5 43. Rxe7+ Kd6 44. Re6+ Kc5 45. Rxg6 Kxc4 46.
h4 Rd1+ 47. Kf2 Rd2+ 48. Kf3 Kd5 49. h5 Ke5 50. h6 Rh2 51. g4 Rh3+ 52. Kg2 fxg4
53. Rxg4 Rxh6 1/2-1/2

[Event "DEM U10/U10w 2013"]
[Site "Oberhof GER"]
[Date "2013.05.19"]
[Round "1"]
[White "Dietz, Florian"]
[Black "Silber, Fabian"]
[Result "1-0"]
[Termination "normal"]
[Board "15"]
[WhiteElo "1445"]
[BlackElo "1058"]
[PlyCount "103"]
[WhiteFideId "12939897"]
[BlackFideId "12947288"]
[EventCountry "GER"]
[EventRounds "11"]
[EventType "swiss"]
[EventDate "2013.05.18"]

1. e4 e5 2. Nf3 Nc6 3. Bc4 Bc5 4. d3 h6 5. c3 Qf6 6. Be3 Bb6 7. O-O Nge7 8.
Nbd2 d6 9. Bb3 Bd7 10. h3 Bxe3 11. fxe3 Qg6 12. Nh4 Qg5 13. Bxf7+ Kd8 14. Qe1
Bxh3 15. Ndf3 Qg4 16. Kh2 g5 17. gxh3 Qd7 18. Ng6 Nxg6 19. Bxg6 g4 20. Bf5 Qg7
21. Bxg4 h5 22. Bf5 Rg8 23. Rg1 Qf8 24. Rxg8 Qxg8 25. Qh4+ Ne7 26. Qxh5 Nxf5
27. Qxf5 Ke7 28. Qg5+ Qxg5 29. Nxg5 Rg8 30. h4 c6 31. Rf1 Rg7 32. Kg3 d5 33.
exd5 cxd5 34. Kg4 Kd6 35. Rf6+ Kc5 36. Kf5 Rg8 37. Kxe5 Re8+ 38. Re6 Rh8 39.
d4+ Kb5 40. Nf3 b6 41. Kxd5 Rf8 42. c4+ Ka6 43. Ng5 Rf5+ 44. Re5 Rxe5+ 45. dxe5
b5 46. cxb5+ Kxb5 47. e6 a5 48. e7 a4 49. e8=Q+ Kb4 50. Qd8 a3 51. Qb6+ Ka4 52.
b3# 1-0

[Event "DEM U10/U10w 2013"]
[Site "Oberhof GER"]
[Date "2013.05.19"]
[Round "1"]
[White "Gelfenbaum, Daniel"]
[Black "Lieberwirth, Kasimir"]
[Result "0-1"]
[Termination "normal"]
[Board "16"]
[WhiteElo "1055"]
[BlackElo "1433"]
[PlyCount "120"]
[WhiteFideId "12965634"]
[BlackFideId "12988146"]
[EventCountry "GER"]
[EventRounds "11"]
[EventType "swiss"]
[EventDate "2013.05.18"]

1. e4 Nc6 2. Nf3 d5 3. exd5 Qxd5 4. Nc3 Qd8 5. d4 e6 6. Bb5 Bd7 7. O-O Bb4 8.
Ne2 Nge7 9. c3 Bd6 10. Bf4 O-O 11. Qd3 Ng6 12. Bg3 Bxg3 13. hxg3 Re8 14. Bxc6
Bxc6 15. Rad1 Bxf3 16. Qxf3 Qd5 17. Qxd5 exd5 18. Rfe1 Re4 19. f3 Re6 20. Kf2
Rae8 21. g4 Nh4 22. Nf4 Rxe1 23. Rxe1 Rxe1 24. Kxe1 c6 25. g3 Nxf3+ 26. Ke2 Ng5
27. Nd3 Ne4 28. Kf3 f6 29. Nf4 Kf7 30. Ne2 g5 31. b3 Ke6 32. c4 b6 33. Ke3 Nd6
34. cxd5+ Kxd5 35. Nc3+ Ke6 36. a4 a5 37. Ne4 Nxe4 38. Kxe4 h6 39. Ke3 f5 40.
gxf5+ Kxf5 41. Kf3 h5 42. g4+ hxg4+ 43. Kg3 Ke4 44. Kxg4 Kxd4 45. Kxg5 Kc3 46.
Kf4 Kxb3 47. Ke4 Kxa4 48. Kd3 Kb3 49. Kd2 a4 50. Kc1 Kc3 51. Kb1 b5 52. Ka2 b4
53. Kb1 b3 54. Ka1 a3 55. Kb1 a2+ 56. Ka1 b2+ 57. Kxa2 Kc2 58. Ka3 b1=Q 59. Ka4
Qb6 60. Ka3 Qa5# 0-1

[Event "DEM U10/U10w 2013"]
[Site "Oberhof GER"]
[Date "2013.05.19"]
[Round "1"]
[White "Weishäutel, Moritz"]
[Black "Brunner, Sophia"]
[Result "1-0"]
[Termination "normal"]
[Board "17"]
[WhiteElo "1431"]
[BlackElo "1054"]
[PlyCount "51"]
[WhiteFideId "12967300"]
[BlackFideId "12960683"]
[EventCountry "GER"]
[EventRounds "11"]
[EventType "swiss"]
[EventDate "2013.05.18"]

1. e4 c6 2. d4 d5 3. exd5 cxd5 4. Bd3 Nc6 5. c3 h6 6. h3 Nf6 7. Nf3 e6 8. Bf4
Bd6 9. Bxd6 Qxd6 10. O-O O-O 11. Re1 Re8 12. Ne5 Bd7 13. Nd2 Qc7 14. Ndf3 Re7
15. Qd2 a6 16. Nh2 Nxe5 17. dxe5 Nh7 18. Re3 Bb5 19. Bc2 Rd8 20. Rg3 Qxe5 21.
Qxh6 g6 22. Ng4 Qg5 23. Nf6+ Qxf6 24. Bxg6 Ng5 25. Bh7+ Kh8 26. Qxf6+ 1-0

[Event "DEM U10/U10w 2013"]
[Site "Oberhof GER"]
[Date "2013.05.19"]
[Round "1"]
[White "Schilay, Maria"]
[Black "Hüls, Maximilian"]
[Result "0-1"]
[Termination "normal"]
[Board "18"]
[WhiteElo "1048"]
[BlackElo "1617"]
[PlyCount "118"]
[WhiteFideId "12942979"]
[BlackFideId "12949698"]
[EventCountry "GER"]
[EventRounds "11"]
[EventType "swiss"]
[EventDate "2013.05.18"]

1. e4 c5 2. Nc3 Nc6 3. g3 e5 4. Bg2 d6 5. d3 Be7 6. Be3 Nd4 7. Qd2 Nf6 8. h3
Be6 9. Nge2 Qb6 10. b3 Qc6 11. f4 b6 12. f5 Bc8 13. g4 Bb7 14. O-O O-O-O 15. a4
d5 16. Nb5 Nxe2+ 17. Qxe2 Kb8 18. c4 d4 19. Bd2 a6 20. Na3 a5 21. Nb5 g6 22.
fxg6 fxg6 23. g5 Nh5 24. Rf7 Qe6 25. Rf3 Rhf8 26. Rxf8 Rxf8 27. Rf1 Nf4 28.
Bxf4 Rxf4 29. Rxf4 exf4 30. Qf3 Bxg5 31. h4 Bh6 32. Bh3 Qf6 33. Kh2 Qxh4 34.
Nd6 Bc6 35. Nf7 Bd7 36. Nxh6 Qxh6 37. e5 Qxh3+ 38. Qxh3 Bxh3 39. Kxh3 Kc7 40.
Kg4 Kd7 41. Kxf4 Ke6 42. Kg5 Kxe5 43. Kg4 h6 44. Kf3 h5 45. Kg3 g5 46. Kf3 Kf5
47. Kg3 h4+ 48. Kf3 g4+ 49. Kf2 Kf4 50. Ke2 g3 51. Kd2 g2 52. Ke2 g1=Q 53. Kd2
Qf2+ 54. Kc1 Qe1+ 55. Kc2 Ke3 56. Kb2 Kxd3 57. Ka2 Kc3 58. b4 Qc1 59. bxc5 Qb2#
0-1

[Event "DEM U10/U10w 2013"]
[Site "Oberhof GER"]
[Date "2013.05.19"]
[Round "1"]
[White "Merk, Daniel"]
[Black "Gazizov, Max"]
[Result "1-0"]
[Termination "normal"]
[Board "19"]
[WhiteElo "1655"]
[BlackElo "1042"]
[PlyCount "35"]
[WhiteFideId "12938386"]
[BlackFideId "12951323"]
[EventCountry "GER"]
[EventRounds "11"]
[EventType "swiss"]
[EventDate "2013.05.18"]

1. e4 c5 2. Nc3 Nc6 3. f4 d6 4. Nf3 Bg4 5. Bb5 Qd7 6. O-O a6 7. Bxc6 Qxc6 8. h3
Bxf3 9. Qxf3 g6 10. d3 Bg7 11. Bd2 Rd8 12. f5 Nf6 13. Nd5 Rf8 14. Bc3 Nh5 15.
Bxg7 Nxg7 16. f6 exf6 17. Qxf6 Nh5 18. Qe7# 1-0

[Event "DEM U10/U10w 2013"]
[Site "Oberhof GER"]
[Date "2013.05.19"]
[Round "1"]
[White "Ewerhardy, Moritz"]
[Black "Nguyen, Alex Dac-Vuong"]
[Result "0-1"]
[Termination "normal"]
[Board "20"]
[WhiteElo "1019"]
[BlackElo "1401"]
[PlyCount "76"]
[WhiteFideId "36052086"]
[BlackFideId "12984388"]
[EventCountry "GER"]
[EventRounds "11"]
[EventType "swiss"]
[EventDate "2013.05.18"]

1. e4 e6 2. d4 d5 3. e5 c5 4. Nf3 Nc6 5. Be3 Qb6 6. b3 f6 7. c3 cxd4 8. cxd4
Bb4+ 9. Nbd2 Bc3 10. Rc1 Bxd4 11. Nxd4 Nxd4 12. Nb1 Qb4+ 13. Bd2 Qe7 14. Bc3
Nc6 15. Bd3 Qf7 16. O-O fxe5 17. f3 Nge7 18. Qe2 d4 19. Bd2 O-O 20. Qe4 Qf5 21.
Qe2 Qh5 22. Qe4 Nd5 23. Na3 Nf6 24. Qe1 Ne7 25. Bb4 Nfd5 26. Bd6 Rd8 27. Bxe5
Nc6 28. Bg3 Ncb4 29. Bb1 a5 30. Nb5 Ne3 31. Rf2 Qxb5 32. a4 Qg5 33. Be4 d3 34.
Rc3 Nec2 35. Rd2 Nxe1 36. Bxe1 Qe3+ 37. Rf2 Qxe1+ 38. Rf1 Qxc3 0-1

[Event "DEM U10/U10w 2013"]
[Site "Oberhof GER"]
[Date "2013.05.19"]
[Round "1"]
[White "Stork, Oliver"]
[Black "Brunkardt, Elena"]
[Result "1-0"]
[Termination "normal"]
[Board "21"]
[WhiteElo "1604"]
[BlackElo "1010"]
[PlyCount "97"]
[WhiteFideId "12955728"]
[BlackFideId "16208838"]
[EventCountry "GER"]
[EventRounds "11"]
[EventType "swiss"]
[EventDate "2013.05.18"]

1. e4 e5 2. Nf3 Nc6 3. Bb5 Nf6 4. Nc3 Bb4 5. O-O O-O 6. d3 d6 7. Bg5 h6 8. Bh4
Bg4 9. h3 Bh5 10. Nd5 g5 11. Bxc6 bxc6 12. Nxb4 gxh4 13. Nxc6 Qd7 14. Na5 Kh8
15. Nc4 Rg8 16. Kh1 Rg7 17. Ne3 Rag8 18. Rg1 Ng4 19. Nxg4 Bxg4 20. hxg4 Qxg4
21. Nh2 Qxd1 22. Raxd1 Kh7 23. d4 exd4 24. Rxd4 h3 25. g3 Rg6 26. Nf3 Rg4 27.
Kh2 h5 28. Kxh3 R8g6 29. Nh4 Rh6 30. Nf5 Rf6 31. f3 Rgg6 32. Ra4 d5 33. Rxa7
dxe4 34. fxe4 Rc6 35. Ne7 Rxc2 36. Nxg6 Kxg6 37. b4 Rc4 38. b5 Rc5 39. a4 Rc3
40. Rb1 Kg5 41. Rd1 h4 42. Rd5+ Kg6 43. Kxh4 Rc1 44. a5 Rh1+ 45. Kg4 f5+ 46.
exf5+ Kf6 47. Ra6+ Kg7 48. Rd7+ Kg8 49. Ra8# 1-0

[Event "DEM U10/U10w 2013"]
[Site "Oberhof GER"]
[Date "2013.05.19"]
[Round "1"]
[White "Eulitz, Charlotte"]
[Black "Suvorov, Alexander"]
[Result "0-1"]
[Termination "normal"]
[Board "22"]
[WhiteElo "1009"]
[BlackElo "1397"]
[PlyCount "116"]
[WhiteFideId "12964654"]
[BlackFideId "12977063"]
[EventCountry "GER"]
[EventRounds "11"]
[EventType "swiss"]
[EventDate "2013.05.18"]

1. e4 c5 2. Nf3 Nc6 3. d4 cxd4 4. Nxd4 e5 5. Nf3 Nf6 6. Nc3 Bb4 7. Bd3 d5 8.
Bg5 d4 9. Qd2 dxc3 10. bxc3 Ba5 11. Rb1 O-O 12. O-O b6 13. Rbd1 Bb7 14. Bxf6
Qxf6 15. Bc4 Rfd8 16. Qe3 h6 17. h3 Qf4 18. Rd3 Rxd3 19. Qxd3 Rd8 20. Bd5 Rc8
21. c4 Nb4 22. Qd1 Nxd5 23. cxd5 Qxe4 24. d6 Rd8 25. Qa1 Rxd6 26. Qxe5 Qxe5 27.
Nxe5 Rd2 28. Rc1 b5 29. a3 Be4 30. c4 Rc2 31. Rxc2 Bxc2 32. cxb5 Ba4 33. Nc4
Bb6 34. Nd6 Bc5 35. Ne4 Bxa3 36. Nc3 Bb3 37. Kh2 Bb4 38. Ne2 Bc5 39. f3 Bc4 40.
Nc3 Bb4 41. Nb1 Bb3 42. Kg1 Bc2 43. Na3 Bxa3 44. Kf1 Bd3+ 45. Ke1 Bxb5 46. Kd1
Bf1 47. g4 Bxh3 48. Kc2 Bg2 49. Kb3 Bc5 50. Kc4 Bxf3 51. Kxc5 Bxg4 52. Kb5 h5
53. Ka6 h4 54. Kxa7 h3 55. Kb7 h2 56. Kc7 h1=Q 57. Kd8 Qb7 58. Ke8 Qd7# 0-1

[Event "DEM U10/U10w 2013"]
[Site "Oberhof GER"]
[Date "2013.05.19"]
[Round "1"]
[White "Röhr, Tobias"]
[Black "Wachinger, Nikolas"]
[Result "1-0"]
[Termination "normal"]
[Board "23"]
[WhiteElo "1389"]
[BlackElo "1007"]
[PlyCount "67"]
[WhiteFideId "12963089"]
[BlackFideId "12962791"]
[EventCountry "GER"]
[EventRounds "11"]
[EventType "swiss"]
[EventDate "2013.05.18"]

1. d4 d5 2. c4 e6 3. Nc3 Nc6 4. Bf4 Nf6 5. e3 Bb4 6. a3 Bxc3+ 7. bxc3 Bd7 8.
Nf3 Ne4 9. Qc2 O-O 10. Bd3 Nd6 11. cxd5 exd5 12. Ne5 Nxe5 13. dxe5 Ne4 14. f3
Qh4+ 15. g3 Nxg3 16. Bxg3 Qh5 17. Qf2 g6 18. Rg1 c6 19. Bf4 f6 20. exf6 Rxf6
21. Be2 Re8 22. Bg5 Rf5 23. f4 Qh3 24. Rg3 Qxg3 25. hxg3 Kg7 26. g4 Rf7 27.
O-O-O Re4 28. c4 dxc4 29. Rd4 Rxd4 30. exd4 Be6 31. Qe3 Bf5 32. Qe5+ Kg8 33.
Bh6 b5 34. Qe8+ 1-0

[Event "DEM U10/U10w 2013"]
[Site "Oberhof GER"]
[Date "2013.05.19"]
[Round "1"]
[White "Hommer, Jeremy"]
[Black "Baladjaev, Leyla"]
[Result "0-1"]
[Termination "normal"]
[Board "24"]
[WhiteElo "994"]
[BlackElo "1385"]
[PlyCount "114"]
[WhiteFideId "12992577"]
[BlackFideId "12960217"]
[EventCountry "GER"]
[EventRounds "11"]
[EventType "swiss"]
[EventDate "2013.05.18"]

1. d4 c6 2. c4 d6 3. Nc3 Nd7 4. Nf3 Qc7 5. Bf4 e5 6. Bg3 Ngf6 7. e4 Be7 8. d5
Nc5 9. Bd3 Bg4 10. O-O O-O 11. Re1 a5 12. h3 Bh5 13. Bh4 Qd7 14. Bxf6 Bxf6 15.
Be2 Bg6 16. Qc2 Rac8 17. Nh2 cxd5 18. Bg4 Ne6 19. cxd5 Nd4 20. Qd2 Qe7 21. Bxc8
Rxc8 22. Qd3 Bg5 23. Ne2 Nc2 24. Rec1 Bxc1 25. Rxc1 Qc7 26. Nf3 Qc4 27. Qxc4
Rxc4 28. Nd2 Rc8 29. Ng3 a4 30. Nf3 Rc5 31. b3 axb3 32. axb3 Nd4 33. Nxd4 Rxc1+
34. Kh2 exd4 35. Ne2 Rd1 36. Kg3 Rd2 37. Nc1 Bxe4 38. Kf4 f5 39. g4 Rxf2+ 40.
Kg3 Rf3+ 41. Kh2 d3 42. gxf5 Rf1 43. Na2 d2 44. Nc3 d1=Q 45. Nxd1 Rxd1 46. Kg3
Rxd5 47. Kf4 Bxf5 48. Ke3 Rd3+ 49. Ke2 d5 50. b4 d4 51. b5 Rxh3 52. b6 d3+ 53.
Kd1 Rh2 54. Ke1 Bg4 55. Kf1 d2 56. Kg1 Re2 57. Kf1 d1=R# 0-1